<?xml version="1.0" encoding="UTF-8"?>
<record
    xmlns:xsi="http://www.w3.org/2001/XMLSchema-instance"
    xsi:schemaLocation="http://www.loc.gov/MARC21/slim http://www.loc.gov/standards/marcxml/schema/MARC21slim.xsd"
    xmlns="http://www.loc.gov/MARC21/slim">

  <leader>02546njm a2200493 i 4500</leader>
  <controlfield tag="001">195444</controlfield>
  <controlfield tag="003">SpMaBN</controlfield>
  <controlfield tag="005">20250625164634.0</controlfield>
  <controlfield tag="007">sd*fsngnnmmned</controlfield>
  <controlfield tag="008">240613s2005    sp mun              zxx  </controlfield>
  <datafield tag="017" ind1=" " ind2=" ">
    <subfield code="a">GC 264-2005</subfield>
    <subfield code="b">Oficina Dep&#xF3;sito Legal Gran Canaria</subfield>
  </datafield>
  <datafield tag="028" ind1="0" ind2="0">
    <subfield code="a">DCD/223</subfield>
  </datafield>
  <datafield tag="035" ind1=" " ind2=" ">
    <subfield code="a">(OCoLC)966306005</subfield>
  </datafield>
  <datafield tag="035" ind1=" " ind2=" ">
    <subfield code="a">a5871743</subfield>
  </datafield>
  <datafield tag="040" ind1=" " ind2=" ">
    <subfield code="a">SpMaBN</subfield>
    <subfield code="b">spa</subfield>
    <subfield code="c">SpMaBN</subfield>
    <subfield code="e">rdc</subfield>
    <subfield code="d">ES-MaACL</subfield>
  </datafield>
  <datafield tag="100" ind1="1" ind2=" ">
    <subfield code="a">Masarnau, Santiago,</subfield>
    <subfield code="d">1805-1882</subfield>
    <subfield code="0">XX1059203</subfield>
    <subfield code="9">78669</subfield>
  </datafield>
  <datafield tag="245" ind1="1" ind2="0">
    <subfield code="a">Aires espa&#xF1;oles y piezas expresivas</subfield>
    <subfield code="h">[Grabaci&#xF3;n sonora] /</subfield>
    <subfield code="c">Santiago de Masarnau.</subfield>
  </datafield>
  <datafield tag="260" ind1=" " ind2=" ">
    <subfield code="a">[Gran Canaria] :</subfield>
    <subfield code="b">Discan ; </subfield>
    <subfield code="a">[Madrid]</subfield>
    <subfield code="b">Sociedad Espa&#xF1;ola de Musicolog&#xED;a,</subfield>
    <subfield code="c">D.L.2005.</subfield>
  </datafield>
  <datafield tag="300" ind1=" " ind2=" ">
    <subfield code="a">1 CD (58 min) +</subfield>
    <subfield code="e">1 folleto 8 (17 p.)</subfield>
  </datafield>
  <datafield tag="336" ind1=" " ind2=" ">
    <subfield code="a">M&#xFA;sica (interpretada)</subfield>
    <subfield code="2">isbdcontent</subfield>
  </datafield>
  <datafield tag="337" ind1=" " ind2=" ">
    <subfield code="a">audio</subfield>
    <subfield code="2">isbdmedia</subfield>
  </datafield>
  <datafield tag="338" ind1=" " ind2=" ">
    <subfield code="2">rdacarrier</subfield>
    <subfield code="a">volumen</subfield>
  </datafield>
  <datafield tag="490" ind1="1" ind2=" ">
    <subfield code="a">El patrimonio musical hispano ;</subfield>
    <subfield code="v">11</subfield>
  </datafield>
  <datafield tag="490" ind1="1" ind2=" ">
    <subfield code="a">Compositores en la Comunidad de Madrid</subfield>
  </datafield>
  <datafield tag="505" ind1="0" ind2=" ">
    <subfield code="a">Trois airs caracteristiques de danses natonales espagnoles, op. 17 (1837) ; Deus airs caracter&#xED;stiques, op. 19 ; Jota aragonesa (1837) , Trois morceaux expressifs, op. 18 (1837) ; Une id&#xE9;e fixe, notturno, op. 22 ; Ballade sans parales n&#xBA; 1 (1845): "Invresemblable mais historique", op. 23</subfield>
  </datafield>
  <datafield tag="511" ind1="1" ind2=" ">
    <subfield code="a">Ana Vega Toscano, piano</subfield>
  </datafield>
  <datafield tag="518" ind1=" " ind2=" ">
    <subfield code="a">Grabaci&#xF3;n efectuada los dias 2 y 16 de octubre de 2004 en el Aula Magna del Campus de Guajara de la Universidad de La Laguna</subfield>
  </datafield>
  <datafield tag="597" ind1=" " ind2=" ">
    <subfield code="a">Folleto con informaci&#xF3;n del autor y su obra; biograf&#xED;a del int&#xE9;rprete</subfield>
  </datafield>
  <datafield tag="650" ind1=" " ind2="4">
    <subfield code="a">Piano</subfield>
    <subfield code="2">embne</subfield>
    <subfield code="9">15993</subfield>
  </datafield>
  <datafield tag="700" ind1=" " ind2=" ">
    <subfield code="a">Masarnau, Santiago, </subfield>
    <subfield code="d">1805-1882.</subfield>
    <subfield code="t">Boleras, tiranas y manchegas,</subfield>
    <subfield code="n">op. 17</subfield>
    <subfield code="9">236975</subfield>
  </datafield>
  <datafield tag="700" ind1=" " ind2=" ">
    <subfield code="a">Masarnau, Santiago, </subfield>
    <subfield code="d">1805-1882.</subfield>
    <subfield code="t">Polo, zapateado y jota aragonesa,</subfield>
    <subfield code="n">op. 19</subfield>
    <subfield code="9">236976</subfield>
  </datafield>
  <datafield tag="700" ind1=" " ind2=" ">
    <subfield code="a">Masarnau, Santiago, </subfield>
    <subfield code="d">1805-1882.</subfield>
    <subfield code="t">Trois morceaux expressifs, </subfield>
    <subfield code="n">op. 18</subfield>
    <subfield code="9">236977</subfield>
  </datafield>
  <datafield tag="700" ind1=" " ind2=" ">
    <subfield code="a">Masarnau, Santiago, </subfield>
    <subfield code="d">1805-1882.</subfield>
    <subfield code="t">Une id&#xE9;e fixe, notturno, </subfield>
    <subfield code="n">op. 22</subfield>
    <subfield code="9">236978</subfield>
  </datafield>
  <datafield tag="700" ind1=" " ind2=" ">
    <subfield code="a">Masarnau, Santiago, </subfield>
    <subfield code="d">1805-1882.</subfield>
    <subfield code="t">Ballade para piano, Invraisemblable, mais historique, </subfield>
    <subfield code="n">op. 23</subfield>
    <subfield code="9">236979</subfield>
  </datafield>
  <datafield tag="700" ind1="1" ind2=" ">
    <subfield code="a">Vega Toscano, Ana Mar&#xED;a,</subfield>
    <subfield code="d">1959-</subfield>
    <subfield code="9">236980</subfield>
  </datafield>
  <datafield tag="710" ind1="2" ind2=" ">
    <subfield code="a">Sociedad Espa&#xF1;ola de Musicolog&#xED;a</subfield>
    <subfield code="9">236981</subfield>
  </datafield>
  <datafield tag="830" ind1=" " ind2=" ">
    <subfield code="a">El patrimonio musical hispano ;</subfield>
    <subfield code="9">236982</subfield>
    <subfield code="v">11</subfield>
  </datafield>
  <datafield tag="830" ind1=" " ind2=" ">
    <subfield code="a">Compositores en la Comunidad de Madrid</subfield>
    <subfield code="9">236983</subfield>
  </datafield>
  <datafield tag="852" ind1=" " ind2=" ">
    <subfield code="a">ES-MaACL</subfield>
    <subfield code="c">ROT</subfield>
    <subfield code="j">ROT 6/3/26</subfield>
    <subfield code="9">203503</subfield>
  </datafield>
  <datafield tag="852" ind1=" " ind2=" ">
    <subfield code="a">ES-MaACL</subfield>
    <subfield code="c">DEPOF</subfield>
    <subfield code="9">203504</subfield>
    <subfield code="j">FOLL.DB-7</subfield>
  </datafield>
  <datafield tag="942" ind1=" " ind2=" ">
    <subfield code="2">udc</subfield>
    <subfield code="c">DVD</subfield>
    <subfield code="n">0</subfield>
  </datafield>
  <datafield tag="999" ind1=" " ind2=" ">
    <subfield code="c">195444</subfield>
    <subfield code="d">195444</subfield>
  </datafield>
  <datafield tag="952" ind1=" " ind2=" ">
    <subfield code="0">0</subfield>
    <subfield code="1">0</subfield>
    <subfield code="2">udc</subfield>
    <subfield code="4">0</subfield>
    <subfield code="7">0</subfield>
    <subfield code="a">ATENEOM</subfield>
    <subfield code="b">ATENEOM</subfield>
    <subfield code="c">ROT</subfield>
    <subfield code="d">2024-06-13</subfield>
    <subfield code="l">0</subfield>
    <subfield code="o">ROT 6/3/26</subfield>
    <subfield code="p">101228542</subfield>
    <subfield code="r">2024-06-13 00:00:00</subfield>
    <subfield code="w">2024-06-13</subfield>
    <subfield code="y">DVD</subfield>
  </datafield>
  <datafield tag="952" ind1=" " ind2=" ">
    <subfield code="0">0</subfield>
    <subfield code="1">0</subfield>
    <subfield code="2">udc</subfield>
    <subfield code="4">0</subfield>
    <subfield code="7">0</subfield>
    <subfield code="8">Colecci&#xF3;n_de_folletos</subfield>
    <subfield code="a">ATENEOM</subfield>
    <subfield code="b">ATENEOM</subfield>
    <subfield code="c">DEPOF</subfield>
    <subfield code="d">2024-06-13</subfield>
    <subfield code="l">0</subfield>
    <subfield code="o">FOLL.DB-7</subfield>
    <subfield code="p">101228543</subfield>
    <subfield code="r">2024-06-13 00:00:00</subfield>
    <subfield code="w">2024-06-13</subfield>
    <subfield code="y">FOLLETOS</subfield>
  </datafield>
</record>
